<?xml version="1.0" encoding="UTF-8"?>
<record
    xmlns:xsi="http://www.w3.org/2001/XMLSchema-instance"
    xsi:schemaLocation="http://www.loc.gov/MARC21/slim http://www.loc.gov/standards/marcxml/schema/MARC21slim.xsd"
    xmlns="http://www.loc.gov/MARC21/slim">

  <leader>01384cam a2200349 a 4500</leader>
  <datafield tag="999" ind1=" " ind2=" ">
    <subfield code="c">328827</subfield>
    <subfield code="d">328827</subfield>
  </datafield>
  <controlfield tag="001">110590</controlfield>
  <controlfield tag="003">Nust</controlfield>
  <controlfield tag="005">20170417155336.0</controlfield>
  <controlfield tag="008">971009r19961860pk ab         001 0deng  </controlfield>
  <datafield tag="010" ind1=" " ind2=" ">
    <subfield code="a">   96930455 </subfield>
  </datafield>
  <datafield tag="020" ind1=" " ind2=" ">
    <subfield code="a">9694022770</subfield>
  </datafield>
  <datafield tag="025" ind1=" " ind2=" ">
    <subfield code="a">P-E-96930455; 07; 12</subfield>
  </datafield>
  <datafield tag="040" ind1=" " ind2=" ">
    <subfield code="a">DLC</subfield>
    <subfield code="c">DLC</subfield>
    <subfield code="d">DLC</subfield>
  </datafield>
  <datafield tag="042" ind1=" " ind2=" ">
    <subfield code="a">lcode</subfield>
  </datafield>
  <datafield tag="043" ind1=" " ind2=" ">
    <subfield code="a">ac-----</subfield>
    <subfield code="a">e-urs--</subfield>
  </datafield>
  <datafield tag="050" ind1="0" ind2="0">
    <subfield code="a">DK755</subfield>
    <subfield code="b">.A774 1996</subfield>
  </datafield>
  <datafield tag="082" ind1="0" ind2="0">
    <subfield code="a">915.804507</subfield>
    <subfield code="2">21</subfield>
    <subfield code="b">ATK</subfield>
  </datafield>
  <datafield tag="100" ind1="1" ind2=" ">
    <subfield code="a">Atkinson, Thomas Witlam,</subfield>
    <subfield code="d">1799-1861.</subfield>
  </datafield>
  <datafield tag="245" ind1="1" ind2="0">
    <subfield code="a">Travels in the regions of the upper and lower Amoor and the Russian acquisitions on the confines of India and China :</subfield>
    <subfield code="b">with adventures among the mountain Kirghis... /</subfield>
    <subfield code="c">Thomas Witlam Atkinson.</subfield>
  </datafield>
  <datafield tag="260" ind1=" " ind2=" ">
    <subfield code="a">Lahore, Pakistan :</subfield>
    <subfield code="b">Vanguard Books,</subfield>
    <subfield code="c">1996.</subfield>
  </datafield>
  <datafield tag="300" ind1=" " ind2=" ">
    <subfield code="a">xiii, 570 p. :</subfield>
    <subfield code="b">ill., 1 map (folded) ;</subfield>
    <subfield code="c">22 cm.</subfield>
  </datafield>
  <datafield tag="500" ind1=" " ind2=" ">
    <subfield code="a">Originally published: London : Hurst and Blackett, 1860.</subfield>
  </datafield>
  <datafield tag="500" ind1=" " ind2=" ">
    <subfield code="a">Includes index.</subfield>
  </datafield>
  <datafield tag="600" ind1="1" ind2="0">
    <subfield code="a">Atkinson, Thomas Witlam,</subfield>
    <subfield code="d">1799-1861.</subfield>
  </datafield>
  <datafield tag="651" ind1=" " ind2="0">
    <subfield code="a">Siberia (Russia)</subfield>
    <subfield code="x">Description and travel.</subfield>
  </datafield>
  <datafield tag="651" ind1=" " ind2="0">
    <subfield code="a">Amur River Valley (China and Russia)</subfield>
    <subfield code="x">Description and travel.</subfield>
  </datafield>
  <datafield tag="651" ind1=" " ind2="0">
    <subfield code="a">Asia, Central</subfield>
    <subfield code="x">Description and travel.</subfield>
  </datafield>
  <datafield tag="906" ind1=" " ind2=" ">
    <subfield code="a">7</subfield>
    <subfield code="b">cbc</subfield>
    <subfield code="c">origode</subfield>
    <subfield code="d">3</subfield>
    <subfield code="e">ncip</subfield>
    <subfield code="f">19</subfield>
    <subfield code="g">y-gencatlg</subfield>
  </datafield>
  <datafield tag="942" ind1=" " ind2=" ">
    <subfield code="2">ddc</subfield>
    <subfield code="c">BK</subfield>
  </datafield>
  <datafield tag="952" ind1=" " ind2=" ">
    <subfield code="0">0</subfield>
    <subfield code="1">0</subfield>
    <subfield code="2">ddc</subfield>
    <subfield code="4">0</subfield>
    <subfield code="7">0</subfield>
    <subfield code="a">NIT</subfield>
    <subfield code="b">NIT</subfield>
    <subfield code="d">2017-04-17</subfield>
    <subfield code="l">0</subfield>
    <subfield code="o">915.804507 ATK</subfield>
    <subfield code="p">NIT-9060</subfield>
    <subfield code="r">2017-04-17</subfield>
    <subfield code="w">2017-04-17</subfield>
    <subfield code="y">BK</subfield>
  </datafield>
</record>
